Catalog

Record Details

Catalog Search



The Tuskegee airmen  Cover Image Book Book

The Tuskegee airmen / by Philip Brooks.

Record details

  • ISBN: 0756506832
  • Physical Description: 48 pages : illustrations ; 24 cm.
  • Publisher: Minneapolis, Minn. : Compass Point Books, c2005.

Content descriptions

Bibliography, etc. Note:
Includes bibliographical references (p. 46-47) and index.
Formatted Contents Note:
Dark days -- Fighting to fly -- Learning to be pilots -- Freedom fliers -- Partial victory -- Tuskegee Institute -- Ready and waiting -- Finally getting their chance -- Glossary -- Did you know? -- Important dates -- Important people -- Want to know more? -- Index.
Subject: United States. Army Air Forces. Fighter Group, 332nd > History > Juvenile literature.
World War, 1939-1945 > Participation, African American > Juvenile literature.
World War, 1939-1945 > Aerial operations, American > Juvenile literature.
African Americans > Juvenile literature.
African American air pilots > Juvenile literature.
Tuskegee Army Air Field (Ala.) > Juvenile literature.
African Americans.

LDR 01814pam a2200373 a 4500
001127840
003CONS
00520140703073304.0
008031103s2005 mnua c b 001 0 eng
010 . ‡a2003024191
020 . ‡a0756506832
035 . ‡a(CPomAG)LMN496482
042 . ‡alcac
043 . ‡an-us---
05000. ‡aD810.N4 ‡bB76 2005
08200. ‡a940.54/4973/08996073 ‡222
1001 . ‡aBrooks, Philip, ‡d1963-
24514. ‡aThe Tuskegee airmen / ‡cby Philip Brooks.
260 . ‡aMinneapolis, Minn. : ‡bCompass Point Books, ‡cc2005.
300 . ‡a48 pages : ‡billustrations ; ‡c24 cm.
440 0. ‡aWe the people (Series) (Compass Point Books)
504 . ‡aIncludes bibliographical references (p. 46-47) and index.
5050 . ‡aDark days -- Fighting to fly -- Learning to be pilots -- Freedom fliers -- Partial victory -- Tuskegee Institute -- Ready and waiting -- Finally getting their chance -- Glossary -- Did you know? -- Important dates -- Important people -- Want to know more? -- Index.
61010. ‡aUnited States. ‡bArmy Air Forces. ‡bFighter Group, 332nd ‡xHistory ‡vJuvenile literature.
650 0. ‡aWorld War, 1939-1945 ‡xParticipation, African American ‡vJuvenile literature.
650 0. ‡aWorld War, 1939-1945 ‡xAerial operations, American ‡vJuvenile literature.
650 0. ‡aAfrican Americans ‡vJuvenile literature.
650 0. ‡aAfrican American air pilots ‡vJuvenile literature.
651 0. ‡aTuskegee Army Air Field (Ala.) ‡vJuvenile literature.
650 1. ‡aAfrican Americans.
85641. ‡3Table of contents ‡uhttp://www.loc.gov/catdir/toc/ecip0410/2003024191.html ‡zTable of contents
914 . ‡aScp_ds ‡dLMN_cm
959 . ‡i32269000729551 ‡lJ940.54 Bro ‡aJuvenile - NonFiction ‡tJuv Nonfiction ‡g15.00
852 . ‡p32269000729551 ‡jJ940.54 Bro ‡gJuvenile - NonFiction ‡cJuv Nonfiction ‡y15.00 ‡bSBPL
901 . ‡a127840 ‡bUnknown ‡c127840 ‡tbiblio

Additional Resources